Introduction to Solid Mechanics /

Contenido: Nociones fundamentales; Tensión; Esfuerzo; Introducción a las propiedades mecánicas de los sólidos; Problemas de una dimensión; Ley de Hooke generalizada e introducción al método de la energía; Tensión plana; Esfuerzo plano; Criterios de falla; Sección de fuerzas en vigas; Tensión en viga...

Fuld beskrivelse

Guardado en:
Bibliografiske detaljer
Hovedforfatter: Shames, Irving Herman (autor)
Andre forfattere: Pitarresi, James M. (autor) (autor)
Format: Bog
Sprog:engelsk
Udgivet: Upper Saddle River, EUA : Prentice-Hall, 2000, c2000
Udgivelse:3a edición
Fag:
Tags: Tilføj Tag
Ingen Tags, Vær først til at tagge denne postø!

MARC

LEADER 00000nam^a2200000^a^4500
001 000165278
005 20250521000000.0
009 20260310101011.599
020 |a 0-13-267758-X 
037 |a Acervo ITESO - Biblioteca 
041 |a ING 
082 |a 620. 112  |b SHA 
100 |a Shames, Irving Herman  |e (autor) 
240 1 1 |a [Introducción a la mecánica de los sólidos] 
245 1 0 |a Introduction to Solid Mechanics /  |c I.H. Shames, J.M. Pitarresi 
250 |a 3a edición 
264 4 |a Upper Saddle River, EUA :  |b Prentice-Hall,  |c 2000, c2000 
300 |a XVI, 769 p. 
336 |a texto  |b txt  |2 rdacontenido 
337 |a sin mediación  |b n  |2 rdamedio 
338 |a volumen  |b nc  |2 rdasoporte 
520 |a Contenido: Nociones fundamentales; Tensión; Esfuerzo; Introducción a las propiedades mecánicas de los sólidos; Problemas de una dimensión; Ley de Hooke generalizada e introducción al método de la energía; Tensión plana; Esfuerzo plano; Criterios de falla; Sección de fuerzas en vigas; Tensión en vigas; Deflexión en vigas; Funciones singulares; Torsión; Propiedades de tensión en tres dimensiones en un punto; Relaciones de esfuerzo en tres dimensiones en un punto; Introducción a la estabilidad elástica; Método de energía; Introducción a los elementos finitos; Apéndices. 
521 |a 2011 BO Licenciatura en Ingeniería en Nanotecnología 
649 |a XX 
650 |a Vigas 
650 |a Sólidos 
650 |a Esfuerzo y Tensión 
650 |a Resistencia de Materiales 
650 |a Mecánica Aplicada 
650 |a Ingeniería Civil 
650 |a Ingeniería Mecánica 
700 |a Pitarresi, James M.  |e (autor) 
910 |a Fondo General 
920 |a Impresos - Libros 
930 |a Colección General 
905 |a 101 
901 |a 0500100123  |b IT1  |c ACC  |u 20250521 
901 |a 0500100126  |b IT1  |c ACC  |u 20250521 
902 |a https://opac.biblio.iteso.mx/vufind/Record/000165278